<?xml version="1.0" encoding="UTF-8"?>
<collection xmlns="http://www.loc.gov/MARC21/slim">
    <record>
        <controlfield tag="001">46296</controlfield>
        <controlfield tag="005">20170831220534.0</controlfield>
        <datafield tag="037" ind1=" " ind2=" ">
            <subfield code="a">GDOC-2010-0753</subfield>
        </datafield>
        <datafield tag="041" ind1=" " ind2=" ">
            <subfield code="a">spa</subfield>
        </datafield>
        <datafield tag="100" ind1=" " ind2=" ">
            <subfield code="0">(orcid)0000-0001-8949-5676</subfield>
            <subfield code="a">Desir Valen, Gloria</subfield>
        </datafield>
        <datafield tag="245" ind1="0" ind2="0">
            <subfield code="9">60373</subfield>
            <subfield code="a">Técnicas en geomorfología</subfield>
        </datafield>
        <datafield tag="260" ind1=" " ind2=" ">
            <subfield code="a">Zaragoza</subfield>
            <subfield code="b">Universidad de Zaragoza</subfield>
            <subfield code="c">2010-2011</subfield>
        </datafield>
        <datafield tag="520" ind1=" " ind2=" ">
            <subfield code="a">Se pretende proporcionar al estudiante unos conocimientos básicos  acerca de algunas de las técnicas que se están empleando actualmente en la investigación en Geomorfología. La toma de contacto con estas técnicas permitirá alumno abrir nuevos horizontes tanto en el campo de la investigación como en el del ejercicio de la profesión. Las técnicas principales que se abordarán son: (1) Generación y evaluación de modelos de susceptibilidad, peligrosidad y riesgo mediante sistemas de información geográfica; (2) Aplicación de la técnica del trenching al estudio de fallas activas, dolinas y deslizamientos; (3) Monitorización de la respuesta hidrológica y de exportación de sedimentos en parcelas de erosión y cuencas hidrológicas; (4) Aplicación de isótopos radioactivos en el estudio de la erosión; (5) Técnicas geofísicas en Geomorfología.  </subfield>
        </datafield>
        <datafield tag="521" ind1=" " ind2=" ">
            <subfield code="9">601</subfield>
            <subfield code="a">Máster Universitario en Iniciación a la Investigación en Geología</subfield>
        </datafield>
        <datafield tag="540" ind1=" " ind2=" ">
            <subfield code="a">by-nc-sa</subfield>
            <subfield code="b">Creative Commons</subfield>
            <subfield code="c">3.0</subfield>
            <subfield code="u">http://creativecommons.org/licenses/by-nc-sa/3.0/</subfield>
        </datafield>
        <datafield tag="700" ind1=" " ind2=" ">
            <subfield code="0">(orcid)0000-0002-5407-940X</subfield>
            <subfield code="a">Gutiérrez Santolalla, Francisco</subfield>
        </datafield>
        <datafield tag="700" ind1=" " ind2=" ">
            <subfield code="a">Navas Izquierdo, Ana Maria</subfield>
        </datafield>
        <datafield tag="700" ind1=" " ind2=" ">
            <subfield code="a">Regüés Muñoz, David</subfield>
        </datafield>
        <datafield tag="830" ind1=" " ind2=" ">
            <subfield code="9">337</subfield>
        </datafield>
        <datafield tag="856" ind1="4" ind2=" ">
            <subfield code="s">98824</subfield>
            <subfield code="u">http://zaguan.unizar.es/record/46296/files/guia.pdf</subfield>
            <subfield code="y">Guía (idioma español)</subfield>
        </datafield>
        <datafield tag="980" ind1=" " ind2=" ">
            <subfield code="a">GDOC</subfield>
            <subfield code="b">Ciencias</subfield>
            <subfield code="c">100</subfield>
        </datafield>
    </record>

    
</collection>